00528nam a22001697a 450000500170000001000130001702000260003003500130005603700090006908200160007810000170009424500990011126000350021027000600024530000340030550000190033920210607113705.0 aB-739997 a9780670058532c495.00 aB-739997 bGift a791.4360954 aGarga, B. D. aThe art of cinema:ban insider's journey through fifty years of film history /cby B. D. Garga aNew DelhibPenguin Booksc2005 a11 Community Centre, Panchsheel ParkbNew Delhie110017 axxiii, 258p.:c22cm(Hb)bill. aincludes index